Manual de plaguicidas autorizados en cultivos de hortalizas para 1983-1984 /

Guardat en:
Dades bibliogràfiques
Autor corporatiu: México. Secretaría de Agricultura y Recursos Hidráulicos
Format: Llibre
Idioma:espanyol
Publicat: México : Secretaría de Agricultura y Recursos Hidráulicos, Dirección General de Sanidad Vegetal, 1984
Etiquetes: Afegir etiqueta
Sense etiquetes, Sigues el primer a etiquetar aquest registre!

MARC

LEADER 00000nam^a2200000^a^4500
001 000625770
005 20260220000000.0
009 20260310134022.039
037 |a Acervo ITESO - Biblioteca 
041 |a ESP 
091 |a FOB. 03639 
110 |a México.  |b Secretaría de Agricultura y Recursos Hidráulicos 
245 0 0 |a Manual de plaguicidas autorizados en cultivos de hortalizas para 1983-1984 / 
264 1 |a México :  |b Secretaría de Agricultura y Recursos Hidráulicos, Dirección General de Sanidad Vegetal,  |c 1984 
300 |a 139 p. 
336 |a texto  |b txt  |2 rdacontenido 
337 |a sin mediación  |b n  |2 rdamedio 
338 |a volumen  |b nc  |2 rdasoporte 
649 |a XX 
910 |a Fondo Carlos de Obeso Orendain 
920 |a Impresos - Libros 
930 |a Fondos Especiales 
905 |a 147 
901 |a 625770-10  |b IT2  |c ESP  |i D85698  |u 20251210 
902 |a https://opac.biblio.iteso.mx/vufind/Record/000625770